La divina commedia

Shranjeno v:
Bibliografske podrobnosti
Glavni avtor: Alighieri, Dante (autore)
Format: Knjiga
Jezik:italijanščina
Izdano: Verona Mondadori 1963
Izdaja:11a. ed
Teme:
Oznake: Označite
Brez oznak, prvi označite!

MARC

LEADER 00000nam a2200000 a 4500
001 UCO4917
003 CL-VaPUC
005 20230123115026.0
008 000825e19630000IT |||||||||||||||||ita|d
999 |c 290880  |d 290878 
040 |c Pontificia Universidad Católica de Valparaíso 
082 0 4 |a 851  |b ALI  |2 21 
100 |a Alighieri, Dante  |e autore  |9 880061 
245 1 3 |a La divina commedia 
250 |a 11a. ed 
260 |a Verona  |b Mondadori  |c 1963 
300 |a v 
500 |a v.1: Inferno 
500 |a v.2: Purgatorio 
500 |a v.3: Paradiso 
583 |a last modification  |c 20000825 00:00:00  |k Rodrigo Vera 
650 0 |a Poesías italianas  |9 265352 
650 0 |a Literatura italiana  |9 266970 
650 0 |a Literatura universal  |9 420446 
942 |c BK  |2 ddc 
945 |d 20000825 00:00:00  |a crobeson 
952 |0 0  |1 0  |4 0  |6 851_000000000000000_ALI_1963  |7 0  |8 A  |9 340490  |a BIBART  |b BIBART  |d 2019-11-20  |h v.3  |i 3442950  |o 851 ALI 1963  |p 3442950  |r 2025-03-13  |w 2019-11-20  |y BK  |k ART